00479nam a2200157 a 4500008004100000020001500041050001500056100001700071245007400088260002800162300002000190350000900210650001300219650004200232650004700274100118s2003 ||||||||||||||||| || u a1844070190 aTD 627 Mar aMara, Duncan10aDomestic wastewater treatment in developing countriescby Duncan Mara aLondonbEarthscanc2003 axvi, 293p.: ill a0.00 aSEWERAGE aSEWAGE DISPOSAL--DEVELOPING COUNTRIES aSEWAGE--PURIFICATION--DEVELOPING COUNTRIES